000 02076nam a22003737a 4500
003 AR-RoUNCS
005 20260608172228.0
007 ta
008 260608s2023 ag a|||| |||| 00| 0 spa d
020 _a9789878210452
040 _aAR-RoUNCS
_bspa
_cAR-RoUNCS
041 _aspa
245 0 0 _aLengua y literatura II :
_b[prácticas del lenguaje] /
_cTamara Agazzi ... [et al.].
260 _aCiudad Autónoma de Buenos Aires :
_bEdelvives,
_cc2023.
300 _a224 p. ;
_bils. ;
_c27 cm. +
_e1 cuadernillo de actividades (56 p. ; 27 cm.)
490 0 _aDimensión paralela
505 _aBloque I: Literatura.
_g1. Una mirada poética sobre la naturaleza -- 2. De bestias y criaturas fantásticas -- 3. Poner la mirada en lo real -- 4. Policiales al bies -- 5. Elige tu propia novela -- 6. Terror en escenarios y versos.
505 _aBloque II: Estudio, ciudadanía y medios.
_g1. El testimonio oral, un texto narrativo -- 2. El artículo de enciclopedia, un texto expositivo-explicativo. 3. La nota de opinión. Un texto argumentativo -- 4. La reseña. Un texto argumentativo.
505 _aBloque III: Herramientas de la lengua, uso y reflexión.
_g0. Para empezar -- 1. La comunicación -- 2. Formación de palabras -- 3. Las palabras en los textos -- 4. Clases de palabras y construcciones -- 5. De la palabra a la oración -- 6. El sustantivo y la construcción sustantiva -- 7. El adjetivo y la construcción adjetiva -- 8. Los pronombres -- 9. El verbo -- 10. El adverbio y la construcción adverbial -- 11. La construcción verbal -- 12. Tipos de oraciones -- 13. El texto.
650 7 _2embne
_aLengua española
650 7 _2embne
_aGéneros literarios
655 7 _2embne
_aLibros de texto
700 1 _aAgazzi, Tamara
700 1 _aEscandar, Patricia
700 1 _aLamanna Guiñazú, Damián
700 1 _aLehmann, Graciela
700 1 _aMartínez Cabrera, Mariel
700 1 _aSólimo, Laura
700 1 _aRovatti, Daniela
700 1 _aSilva, María
700 1 _aPalermo, Alejandro
700 1 _aMiller, Ignacio
942 _2udc
_cOG
_n0
999 _c1043
_d1043